000 00926nam a2200265Ia 4500
003 OSt
005 20220923211011.0
006 a|||||r|||| 00| 0
007 ta
008 220922b |||||||| |||| 00| 0 hin d
020 _a8170551641 (hbk)
_c150
024 _a240,912
037 _b512, 08/03/2010, Vani Prakashan
_cTextual
040 _aARTS
_cARTS
_bhin
041 _2hin
_ahin
082 _aO152,1J32:g, P2
100 _aराय, लल्लन
_9157011
245 0 _aतुलसी की साहित्य - साधना
246 _aTulasī kī sāhitya - sādhanā
260 _aनयी दिल्ली
_b वाणी प्रकाशन
_c2002
300 _a159पृ.
_ccm.
650 _aहिन्दी साहित्य
_9156264
942 _hO152,1J32:g, P2
_cTEXL
_2CC
999 _c293732
_d293732